000 01100nam a22003017a 4500
003 CHAP
005 20220817041620.0
008 971013s r 00010 d
010 _a19768
011 _a20740
035 _a24828
040 _cCHAP
082 _a633.11
_bC4b
110 _aCentro Internacional de Mejoramiento de Maíz y Trigo
245 _aResults of the international bread wheat screening nursery (IBWSN) 19 -
260 _aMéxico :
_b(El Centro),
_c19 --
300 _av.
500 _aLa biblioteca tiene: 1976-77, 1977-78, 1978-79, 1982-83
590 _aBATCH-UPD
_b10
_c20130110
_lUCH01
_h1411
590 _aCONVERSION
_b10
_c20130109
_lUCH01
_h1312
650 1 4 _aTrigo
_xVariedades.
_9115119
901 _aBK
942 _cLIBRO
949 _a633.11 C4b
_bBC
_cLIBRO
_d-57277
_eLIBRO
_f1982-83
_h69822
_i24828
_si
949 _a633.11 C4b
_bBC
_cLIBRO
_d33724000192738
_eLIBRO
_f1976-77
_h60533
_i24828
_si
949 _a633.11 C4b
_bBC
_cLIBRO
_d33724000192985
_eLIBRO
_f1978-79
_h60535
_i24828
_si
949 _a633.11 C4b
_bBC
_cLIBRO
_d33724000192993
_eLIBRO
_f1977-78 c.2
_h60534
_i24828
_si
999 _c19768
_d19768